| 000 | 01592pam a2200409 i 4500 | ||
|---|---|---|---|
| 001 | 1559898970 | ||
| 003 | DLC | ||
| 005 | 20260407141357.0 | ||
| 007 | t| | ||
| 008 | 251114s2026 nyu d 000 1 eng | ||
| 010 | _a 2025031751 | ||
| 020 |
_a9798217024469 _qhardcover |
||
| 020 |
_z9798217024476 _qpaperback |
||
| 035 | _a(OCoLC)1559898970 | ||
| 040 |
_aDLC _beng _erda _cDLC _dDLC-MRC _dDLC |
||
| 042 |
_apcc _acyac |
||
| 100 | 1 |
_aMontoya, Angela, _eauthor. _4aut. _4http://id.loc.gov/vocabulary/ relators/aut _955653 |
|
| 245 | 1 | 0 |
_aCarnival fantástico / _cAngela Montoya. |
| 300 |
_a436 pages ; _c22 cm. |
||
| 500 | _aIncludes an excerpt from A cruel thirst. | ||
| 520 | _a"A young woman poses as fortune-teller at a magical traveling carnival, where the handsome boy who once broke her heart resurfaces and warns her that carnival is more sinister than it appears"--Provided by publisher. | ||
| 521 | 1 |
_aAges 12 and up _bJoy Revolution. |
|
| 521 | 2 |
_aGrades 7-9 _bJoy Revolution. |
|
| 650 | 0 |
_aFortune-telling _vJuvenile fiction. _944112 |
|
| 650 | 0 |
_aCarnivals _vJuvenile fiction. _955654 |
|
| 650 | 0 |
_aMagic _vJuvenile fiction. |
|
| 650 | 1 |
_aFortune telling _vFiction. _955655 |
|
| 650 | 1 |
_aCarnivals _vFiction. _933809 |
|
| 650 | 1 |
_aMagic _vFiction. |
|
| 650 | 1 | _aFantasy | |
| 655 | 7 |
_aFantasy fiction. _2lcgft |
|
| 655 | 7 |
_aRomance fiction. _2lcgft |
|
| 655 | 7 |
_aNovels. _2lcgft |
|
| 776 | 1 |
_iOnline version _aMontoya, Angela _tCarnival fant©Øastico _dNew York, NY : Joy Revolution, 2026 _z9798217024483 _w(DLC) 2025031752. |
|
| 907 | _a.b51496084x | ||
| 942 |
_2ddc _cBK |
||
| 999 |
_c129593 _d129593 |
||